10 Największych Państw w Europie - Statystyki

Ogólne statystyki
  • Ten quiz został rozwiązany 103 razy
  • Średni wynik to 10 z 10
Statystyki odpowiedzi
Powierzchnia Kraj % Poprawnych
551 695 km² Francja
100%
322 575 km² Polska
100%
17 100 000 km² Rosja
99%
505 990 km² Hiszpania
98%
357 588 km² Niemcy
98%
338 440 km² Finlandia
97%
528 447 km² Szwecja
97%
603 700 km² Ukraina
97%
385 207 km² Norwegia
94%
301 230 km² Włochy
89%
Nie znaleziono quizów pasujących do podanych kryteriów
Rozkład punktacji
Procent ludzi z każdym wynikiem
Percentyl według liczby udzielonych odpowiedzi
Twoja historia wyników
Nie rozwiązałeś tego quizu